Statistics for Countries With The Most Vacation Time

Click here to take the quiz!

General Stats

  • This quiz has been taken 27 times
  • The average score is 4 of 18

Answer Stats

Total Paid LeaveCountry% Correct
38-56Russia
64%
38Austria
48%
38Iceland
48%
53Iran
40%
37-47Luxembourg
36%
41Malta
32%
40Azerbaijan
28%
39Georgia
28%
45Andorra
24%
44Bahrain
24%
40Kazakhstan
24%
48Kuwait
20%
41Algeria
8%
45Cambodia
8%
40Sri Lanka
8%
38Mauritius
4%
45Burkina Faso
0%
40Panama
0%

Score Distribution

Percentile by Number Answered

Percent of People with Each Score

Your Score History

You have not taken this quiz